|
|
|
|
| LEADER |
00000nam0a2200000 4500 |
| 001 |
322212 |
| 005 |
20231102003443.0 |
| 035 |
|
|
|a (RuTPU)RU\TPU\book\347768
|
| 090 |
|
|
|a 322212
|
| 100 |
|
|
|a 20160921d1937 km y0rusy50 ca
|
| 101 |
0 |
|
|a rus
|
| 102 |
|
|
|a UA
|
| 105 |
|
|
|a a z 001zy
|
| 200 |
1 |
|
|a Болезни шахтных подъемных машин
|f В. Б. Уманский
|
| 210 |
|
|
|a Харьков
|a Киев
|c Государственное научно-техническое издательство Украины
|d 1937
|
| 215 |
|
|
|a 249 с.
|c ил.
|
| 606 |
1 |
|
|a Шахтные подъемные установки
|x Неисправности
|2 stltpush
|3 (RuTPU)RU\TPU\subj\19069
|9 44387
|
| 610 |
1 |
|
|a ремонт
|
| 610 |
1 |
|
|a тормозные устройства
|
| 610 |
1 |
|
|a дефекты
|
| 610 |
1 |
|
|a тормоза
|
| 610 |
1 |
|
|a регулирование
|
| 610 |
1 |
|
|a аварийное выключение
|
| 610 |
1 |
|
|a режимы работы
|
| 610 |
1 |
|
|a управление
|
| 610 |
1 |
|
|a машинисты
|
| 610 |
1 |
|
|a инструктаж
|
| 610 |
1 |
|
|a предохранительные клапаны
|
| 610 |
1 |
|
|a реостаты
|
| 610 |
1 |
|
|a системы Леонарда
|
| 610 |
1 |
|
|a технические проверки
|
| 675 |
|
|
|a 622.673.1
|v 4
|
| 700 |
|
1 |
|a Уманский
|b В. Б.
|
| 801 |
|
1 |
|a RU
|b 63413507
|c 20160921
|
| 801 |
|
2 |
|a RU
|b 63413507
|c 20191212
|g RCR
|
| 942 |
|
|
|c BK
|